000 01396nam a22003857a 4500
001 0006557
003 KOHA_MİRAKIL
005 20260207001526.0
007 ta
008 090721b1999 tu |||gr||||#||||0|tur |
020 _a9754929289
_c0,01
040 _aTR-BiSEU
_btur
_cTR-BiSEU
_erda
041 0 _atur
044 _ctu
050 _aTX911.3.M27
_bB46 1999
100 1 _aBenligiray, Serap.
245 1 _aİnsan kaynakları açısından otellerde performans yönetimi/
_cSerap Benligiray ; Serap Benligiray.
264 1 _aEskişehir :
_bAnadolu Üniversitesi
_c1999
300 _axii, 362 sayfa: grafik, tablo
336 _ametin
_btxt
_2rdacontent
337 _aaracısız
_bn
_2rdamedia
338 _acilt
_bnc
_2rdacarrier
490 1 _aT.C.
490 1 _aAnadolu Üniversitesi yayınları ;
_vno: 1174.
490 1 _aİktisadi ve İdari Bilimler Fakültesi yayınları ;
_vno: 164.
500 _aKaynakça var.
650 0 _aHospitality industry--Personnel management.
_916194
650 0 _aHospitality industry--Labor productivity.
_916195
650 0 _aKonaklama endüstrisi--Personel yönetimi.
_916196
650 0 _aKonaklama endüstrisi--İs verimliliği.
_916197
830 1 _aT.C.
_96297
830 1 _aAnadolu Üniversitesi yayınları ;
_vno: 1174.
_97107
830 1 _aİktisadi ve İdari Bilimler Fakültesi yayınları ;
_vno: 164.
_910641
942 _2lcc
_cBK
999 _c6538
_d6538